[Event "ICS rated blitz match"]
[Site "204.178.125.65"]
[Date "2000.09.25"]
[Round "?"]
[White "lambChop"]
[Black "Hossa"]
[Result "1-0"]
[WhiteElo "2512"]
[BlackElo "2595"]
[PlyCount "289"]
[EventDate "2000.??.??"]

1. d4 Nf6 2. c4 g6 3. Nc3 Bg7 4. e4 d6 5. f3 O-O 6. Be3 c5 7. dxc5 dxc5 8. Qxd8
Rxd8 9. Bxc5 Nc6 10. Nd5 Nxd5 11. cxd5 Bxb2 12. Rb1 Bc3+ 13. Kf2 Bd4+ 14. Bxd4
Nxd4 15. Ke3 e5 16. f4 f6 17. fxe5 fxe5 18. Ne2 Re8 19. h4 b6 20. Rc1 Nb5 21.
Nc3 Nxc3 22. Rxc3 Bg4 23. Ba6 Rf8 24. Rc7 Rf7 25. Rhc1 Raf8 26. Rxf7 Rxf7 27.
Bc8 Bxc8 28. Rxc8+ Rf8 29. Rc7 Rf1 30. Rxa7 Re1+ 31. Kf3 Rf1+ 32. Kg3 Re1 33.
Ra8+ Kf7 34. Ra4 Ke7 35. Kf2 Ra1 36. Ra6 Kd7 37. g4 Kc7 38. Ra7+ Kd6 39. g5 Kc5
40. Ke3 Re1+ 41. Kd3 Rd1+ 42. Ke2 Ra1 43. Kf2 b5 44. Ke3 Re1+ 45. Kd3 Rd1+ 46.
Ke2 Ra1 47. a3 Ra2+ 48. Kd3 Kb6 49. Rxh7 Rxa3+ 50. Ke2 Ra4 51. Ke3 Ra3+ 52. Kf2
Ra2+ 53. Kf3 Ra3+ 54. Kg4 Re3 55. Rg7 Rxe4+ 56. Kg3 Re3+ 57. Kf2 Re4 58. Rxg6+
Kc5 59. h5 Rh4 60. h6 Kxd5 61. Rb6 Kc5 62. g6 Rh2+ 63. Kg3 Rxh6 64. g7 Rxb6 65.
g8=Q Rd6 66. Kg4 Kd4 67. Kf5 Rd5 68. Ke6 Kc4 69. Qg2 Rd8 70. Qc6+ Kb4 71. Kxe5
Rh8 72. Qd6+ Ka5 73. Qc7+ Ka4 74. Qa7+ Kb3 75. Qf7+ Ka3 76. Qf3+ Ka4 77. Qd1+
Ka3 78. Qd3+ Ka4 79. Qc2+ Ka3 80. Qc3+ Ka4 81. Qa1+ Kb3 82. Kd5 Rh2 83. Qg1 Rb2
84. Kc5 b4 85. Qg8+ Ka4 86. Qc4 Ka3 87. Qa6+ Kb3 88. Qe6+ Ka3 89. Qc4 Rb1 90.
Qa6+ Kb3 91. Qb7 Ka2 92. Qa8+ Kb3 93. Qb8 Rc1+ 94. Kb5 Rb1 95. Qg8+ Kc2 96.
Qh7+ Kc1 97. Qh6+ Kc2 98. Qg6+ Kc1 99. Qc6+ Kd2 100. Qd5+ Kc3 101. Kc5 b3 102.
Qd4+ Kc2 103. Kb4 Rb2 104. Qe4+ Kd1 105. Kc3 Rc2+ 106. Kxb3 Re2 107. Qd3+ Ke1
108. Kc3 Rg2 109. Qe3+ Kf1 110. Qc1+ Ke2 111. Kd4 Rg4+ 112. Ke5 Rh4 113. Qc2+
Ke3 114. Qc3+ Kf2 115. Qd2+ Kf3 116. Qd3+ Kf2 117. Qd8 Rg4 118. Qd2+ Kf3 119.
Kf5 Rg3 120. Qd1+ Kf2 121. Kf4 Rh3 122. Qd2+ Kg1 123. Qe2 Rh2 124. Qe1+ Kg2
125. Qd2+ Kh3 126. Qd3+ Kg2 127. Qd5+ Kf2 128. Qd2+ Kg1 129. Qd1+ Kg2 130. Qg4+
Kf1 131. Ke3 Rb2 132. Qc4+ Kg2 133. Qc6+ Kg3 134. Qc7+ Kh3 135. Qh7+ Kg4 136.
Qg7+ Kf5 137. Qxb2 Ke6 138. Ke4 Kd6 139. Qb4+ Ke6 140. Qf8 Kd7 141. Kd5 Kc7
142. Kc5 Kd7 143. Qf7+ Kd8 144. Kb6 Kc8 145. Qc7# {Hossa checkmated} 1-0

[Event "ICS rated blitz match"]
[Site "204.178.125.65"]
[Date "2000.09.25"]
[Round "?"]
[White "Hossa"]
[Black "Valg"]
[Result "1-0"]
[WhiteElo "2575"]
[BlackElo "2449"]
[PlyCount "53"]
[EventDate "2000.??.??"]

1. e4 c5 2. Nf3 Nc6 3. d4 cxd4 4. Nxd4 Nf6 5. Nc3 d6 6. Bg5 e6 7. Qd2 a6 8.
O-O-O h6 9. Be3 Be7 10. f4 Nxd4 11. Bxd4 b5 12. Qe3 Bb7 13. Bxf6 gxf6 14. Bd3
b4 15. Ne2 Qa5 16. Bc4 Qc7 17. Bb3 O-O 18. f5 exf5 19. Qxh6 Bxe4 20. Nf4 Rac8
21. Nh5 Qxc2+ 22. Bxc2 Rxc2+ 23. Kb1 Rxg2+ 24. Ka1 Re8 25. Rhg1 f4 26. Rxg2+
Bxg2 27. Qg7# {Valg checkmated} 1-0

[Event "ICS rated blitz match"]
[Site "204.178.125.65"]
[Date "2000.09.25"]
[Round "?"]
[White "lambChop"]
[Black "Hossa"]
[Result "0-1"]
[WhiteElo "2532"]
[BlackElo "2585"]
[PlyCount "69"]
[EventDate "2000.??.??"]

1. e4 e5 2. Nf3 Nc6 3. d4 exd4 4. Nxd4 Nf6 5. Nxc6 bxc6 6. e5 Qe7 7. Qe2 Nd5 8.
c4 Ba6 9. b3 g6 10. f4 f6 11. Qd2 Nb6 12. c5 Bxf1 13. cxb6 Ba6 14. bxc7 fxe5
15. Bb2 Bg7 16. Kd1 d6 17. fxe5 Bxe5 18. Bxe5 dxe5 19. Qa5 Bd3 20. Re1 e4 21.
Qc3 Kd7 22. Nd2 Rhe8 23. c8=Q+ Raxc8 24. Qd4+ Qd6 25. Qxa7+ Rc7 26. Qg1 Qe5 27.
Rc1 e3 28. Nf3 Qb2 29. Qxe3 Rxe3 30. Rxe3 Bf1 31. Rc2 Qa1+ 32. Kd2 Bxg2 33. a4
Bxf3 34. Rxf3 Kd8 35. Rd3+ {lambChop resigns} 0-1

[Event "ICS rated blitz match"]
[Site "204.178.125.65"]
[Date "2000.09.25"]
[Round "?"]
[White "Hossa"]
[Black "lambChop"]
[Result "0-1"]
[WhiteElo "2599"]
[BlackElo "2518"]
[PlyCount "92"]
[EventDate "2000.??.??"]

1. d4 d5 2. c4 dxc4 3. e4 Nf6 4. e5 Nd5 5. Bxc4 Nb6 6. Bb3 Nc6 7. Nf3 Bf5 8. d5
Nb4 9. Nc3 Nd3+ 10. Kf1 e6 11. dxe6 fxe6 12. Ng5 Nc5 13. Be3 Nbd7 14. f4 Be7
15. Kg1 Bxg5 16. fxg5 Qe7 17. Qd4 Nd3 18. Ba4 c6 19. Rf1 N3xe5 20. Bf4 Nd3 21.
Ne4 Bxe4 22. Qxe4 Nxb2 23. Bc2 Rf8 24. Be3 Rxf1+ 25. Kxf1 e5 26. Qxh7 O-O-O 27.
Bb3 Rf8+ 28. Ke2 Qb4 29. Be6 Qd6 30. Bf5 Qd5 31. Bxd7+ Kxd7 32. Rg1 Qxa2 33.
Rc1 Kc8 34. h3 Qd5 35. Bf2 Qb5+ 36. Ke1 Nd3+ 37. Kf1 Nxc1+ 38. Kg1 Ne2+ 39. Kh2
Rxf2 40. Qg8+ Kc7 41. Qxg7+ Kb6 42. Qe7 Qb1 43. Qd8+ Kb5 44. Qd3+ Qxd3 45. h4
Qg3+ 46. Kh1 Qxh4# {Hossa checkmated} 0-1

[Event "ICS rated blitz match"]
[Site "204.178.125.65"]
[Date "2000.09.25"]
[Round "?"]
[White "Valg"]
[Black "Hossa"]
[Result "1/2-1/2"]
[WhiteElo "2429"]
[BlackElo "2579"]
[PlyCount "59"]
[EventDate "2000.??.??"]

1. d4 Nf6 2. c4 e6 3. Nf3 b6 4. Nc3 Bb4 5. Bg5 h6 6. Bh4 g5 7. Bg3 Ne4 8. Qc2
Nxg3 9. hxg3 g4 10. Ne5 Bb7 11. Nxg4 Qg5 12. Ne5 Nc6 13. Nf3 Qg6 14. O-O-O
Qxc2+ 15. Kxc2 Bxc3 16. Kxc3 Ne7 17. c5 Nd5+ 18. Kd2 Nf6 19. Ke1 Be4 20. e3 Bd5
21. a3 bxc5 22. dxc5 a5 23. Ng5 Rb8 24. Rd2 Ke7 25. Nf3 Ne4 26. Rc2 Bb3 27. Rc1
Bd5 28. Rc2 Bb3 29. Rc1 Bd5 30. Rc2 {Game drawn by repetition} 1/2-1/2

[Event "ICS rated blitz match"]
[Site "204.178.125.65"]
[Date "2000.09.25"]
[Round "?"]
[White "Hossa"]
[Black "QueenMaxima"]
[Result "1-0"]
[WhiteElo "2572"]
[BlackElo "2608"]
[PlyCount "193"]
[EventDate "2000.??.??"]

1. d4 e6 2. e4 Nc6 3. Nf3 d5 4. e5 Bd7 5. Nc3 f6 6. Be2 Bb4 7. a3 Bxc3+ 8. bxc3
fxe5 9. dxe5 Na5 10. Ng5 Qe7 11. Bd3 g6 12. O-O O-O-O 13. Nf3 Qc5 14. Be3 Qf8
15. Bg5 Ne7 16. Bf6 Rg8 17. Qd2 h5 18. Qg5 Re8 19. Rfd1 Qf7 20. Qe3 Nec6 21. a4
Ref8 22. Ng5 Qe8 23. f4 Kb8 24. Rab1 Kc8 25. Rb2 Kb8 26. Rdb1 Ka8 27. Qg3 Ne7
28. Qf2 Nf5 29. Qc5 b6 30. Qxc7 Qc8 31. Qxc8+ Rxc8 32. Nf3 Bxa4 33. Ra2 Bd7 34.
Bg5 Rxc3 35. Nd2 Rgc8 36. Rbb2 Be8 37. Nb1 R3c7 38. c3 d4 39. cxd4 Rc1+ 40. Kf2
Nxd4 41. Rb4 Nf5 42. Nd2 R8c7 43. Nf1 R7c5 44. Nd2 Bc6 45. Rbb2 Bd5 46. Ne4 Rc8
47. Ra4 Bc4 48. Be2 Bxe2 49. Rxe2 Rd1 50. Rea2 Rcc1 51. h3 Rf1+ 52. Ke2 Rce1+
53. Kd2 Nc6 54. Nc3 Nfd4 55. Kd3 Nb3 56. Kc4 Nba5+ 57. Kd3 Nb7 58. Kd2 Nc5 59.
R4a3 Na5 60. Rxa5 Nb3+ 61. Kd3 Nxa5 62. Ra4 a6 63. Rd4 Nb7 64. Rb4 Ka7 65. Kd2
Nc5 66. Bh4 Rc1 67. Bd8 Nd7 68. Rd4 Nf8 69. Be7 h4 70. Bxf8 g5 71. Rd7+ Ka8 72.
fxg5 Rxc3 73. Rd8+ Kb7 74. Kxc3 Kc7 75. g6 Rc1+ 76. Kb2 Rf1 77. Re8 Rf2+ 78.
Kc3 Rxg2 79. g7 Kd7 80. Re7+ Kc6 81. Rxe6+ Kb5 82. Rh6 Rg3+ 83. Kd4 Rg1 84.
Rxh4 Kc6 85. Rg4 Rd1+ 86. Ke4 Re1+ 87. Kf5 Rf1+ 88. Ke6 Rf3 89. h4 Rf2 90. Rc4+
Kb5 91. Rb4+ Kc6 92. g8=Q a5 93. Qh7 Rf6+ 94. exf6 b5 95. Qd7+ Kb6 96. Rxb5+
Ka6 97. Qb7# {QueenMaxima checkmated} 1-0

[Event "ICS rated blitz match"]
[Site "204.178.125.65"]
[Date "2000.09.25"]
[Round "?"]
[White "QueenMaxima"]
[Black "Hossa"]
[Result "0-1"]
[WhiteElo "2590"]
[BlackElo "2590"]
[PlyCount "204"]
[EventDate "2000.??.??"]

1. d4 d5 2. c4 e6 3. Nc3 Nf6 4. cxd5 exd5 5. Bg5 Be7 6. Nf3 c6 7. Qc2 Na6 8. a3
Nc7 9. e3 Ne6 10. Bh4 O-O 11. Bd3 g6 12. O-O Bd6 13. Ne5 Ng7 14. e4 Ne6 15. Ng4
g5 16. Nxf6+ Qxf6 17. e5 Nxd4 18. Bxh7+ Kh8 19. exf6 Nxc2 20. Bxc2 gxh4 21.
Rae1 Bc7 22. h3 Be6 23. Na4 Bd8 24. Re5 Bxf6 25. Rh5+ Kg8 26. Rh6 Be7 27. Rd1
Rfd8 28. b4 a5 29. Nc5 axb4 30. axb4 Bc8 31. Re1 Bg5 32. Rh5 Bf6 33. Rh6 Kg7
34. Rh7+ Kf8 35. Rc1 Kg8 36. Rh5 Ra2 37. Bf5 b6 38. Bb1 Re2 39. Nd3 Rd6 40. Nf4
Rd2 41. Re1 Kf8 42. b5 cxb5 43. Bd3 Be6 44. Bxb5 Kg7 45. Be2 Rd4 46. Nd3 Re4
47. f3 Ra4 48. f4 Ra2 49. Nb4 Rb2 50. Nd3 Rd2 51. Ne5 Rd4 52. Nd3 Re4 53. f5
Bd7 54. Nf2 Bd4 55. Rd1 Rf4 56. Bf3 f6 57. Re1 Bxf5 58. Re7+ Kg6 59. Reh7 Bxh3
60. R5h6+ Kf5 61. Rxh4 Bxf2+ 62. Kxf2 Bg4 63. Kg3 Rxf3+ 64. gxf3 Bxf3 65. Kxf3
d4 66. Re7 d3 67. Rf4+ Kg6 68. Rg4+ Kf5 69. Rh7 d2 70. Rf4+ Kg6 71. Rh1 d1=Q+
72. Rxd1 Rxd1 73. Rg4+ Kf5 74. Rb4 Rd3+ 75. Ke2 Rd6 76. Ke3 Kg5 77. Ke4 f5+ 78.
Ke5 Rd7 79. Rxb6 Re7+ 80. Kd5 f4 81. Rb8 f3 82. Rf8 Kg4 83. Kd4 Kg3 84. Rg8+
Kf2 85. Rc8 Kf1 86. Kd5 f2 87. Kd6 Re1 88. Rb8 Ke2 89. Rb2+ Kf3 90. Rxf2+ Kxf2
91. Kd5 Ke3 92. Ke5 Rd1 93. Kf5 Rd5+ 94. Kf6 Kf4 95. Kf7 Kf5 96. Ke7 Rd4 97.
Kf7 Re4 98. Kg7 Re7+ 99. Kf8 Kf6 100. Kg8 Kg6 101. Kf8 Re6 102. Kg8 Re8# {
QueenMaxima checkmated} 0-1

[Event "ICS rated blitz match"]
[Site "204.178.125.65"]
[Date "2000.09.25"]
[Round "?"]
[White "Hossa"]
[Black "QueenMaxima"]
[Result "1-0"]
[WhiteElo "2606"]
[BlackElo "2574"]
[PlyCount "117"]
[EventDate "2000.??.??"]

1. e4 c5 2. Nf3 e6 3. d4 cxd4 4. Nxd4 Nf6 5. Nc3 Bb4 6. e5 Nd5 7. Bd2 Bxc3 8.
bxc3 Qc7 9. f4 Qc5 10. Nb3 Qc6 11. Qg4 O-O 12. c4 Nb6 13. Bb4 Re8 14. Nd2 Qa4
15. c3 Qc2 16. Qh3 h6 17. Bd3 Qa4 18. O-O Nc6 19. Bd6 Qa5 20. Nb3 Qa4 21. Nc5
Qa5 22. a4 Rd8 23. Be2 Nxa4 24. Nxa4 Re8 25. Rfb1 Ne7 26. Nb6 axb6 27. Rxa5
bxa5 28. Qd3 a4 29. Bf3 Ra5 30. Bxe7 Rxe7 31. Bxb7 Bxb7 32. Qd6 Re8 33. Rxb7
Rd8 34. Rxd7 Rxd7 35. Qxd7 Ra8 36. Qb7 Rd8 37. Qc6 a3 38. Qa4 Rc8 39. g3 g5 40.
Qxa3 Rxc4 41. fxg5 hxg5 42. h3 Kg7 43. Qc1 Kf8 44. Kg2 Ke8 45. Qa3 Rc8 46. h4
gxh4 47. gxh4 Rd8 48. h5 Rd5 49. h6 Rxe5 50. Qa4+ Ke7 51. Qh4+ f6 52. h7 Rg5+
53. Kh2 Rd5 54. h8=Q Rd2+ 55. Kg3 Rd3+ 56. Kf4 e5+ 57. Ke4 Ke6 58. Q4xf6+ Kd7
59. Qhd8# {QueenMaxima checkmated} 1-0

[Event "ICS rated blitz match"]
[Site "204.178.125.65"]
[Date "2000.09.25"]
[Round "?"]
[White "Hossa"]
[Black "did"]
[Result "0-1"]
[WhiteElo "2614"]
[BlackElo "2597"]
[PlyCount "138"]
[EventDate "2000.??.??"]

1. c4 e5 2. Nc3 Nf6 3. Nf3 Nc6 4. d3 Bb4 5. a3 Bxc3+ 6. bxc3 d5 7. cxd5 Qxd5 8.
e4 Qc5 9. Qc2 Bg4 10. Be3 Qa5 11. Nd2 O-O 12. h3 Be6 13. Be2 Ne7 14. O-O c5 15.
f4 Qc7 16. fxe5 Nd7 17. Qb2 Nxe5 18. Bf4 N7g6 19. Bh2 Qd7 20. d4 cxd4 21. cxd4
Rfd8 22. d5 f6 23. Rac1 Bf7 24. h4 Nxh4 25. Bxe5 fxe5 26. Qxe5 Ng6 27. Qc7 Be8
28. Qg3 Qd6 29. Qxd6 Rxd6 30. Rc7 Rd7 31. Rc3 Rdd8 32. Bg4 Bd7 33. Bxd7 Rxd7
34. g3 Ne5 35. Nb3 b6 36. Nd4 Rf8 37. Rxf8+ Kxf8 38. Ne6+ Kf7 39. Kg2 g6 40.
Rc8 h5 41. a4 Ke7 42. Rg8 Kf7 43. Rf8+ Ke7 44. Rf1 Kd6 45. Rf6 Rf7 46. Rf2
Rxf2+ 47. Kxf2 Nc4 48. Ng5 a5 49. Kf3 b5 50. axb5 a4 51. b6 Nxb6 52. Nf7+ Kc7
53. Ng5 a3 54. Ne6+ Kd6 55. Nd4 a2 56. Nc2 g5 57. Ke3 Nc4+ 58. Kd4 h4 59. gxh4
gxh4 60. Kxc4 h3 61. Kb3 h2 62. Nd4 a1=Q 63. Nb5+ Ke5 64. Kc4 h1=Q 65. Kc5 Qa5
66. Kc6 Qc1+ 67. Nc3 Qcxc3+ 68. Kd7 Qcc7+ 69. Ke8 Qa8# {Hossa checkmated} 0-1

[Event "ICS rated blitz match"]
[Site "204.178.125.65"]
[Date "2000.09.25"]
[Round "?"]
[White "harimau"]
[Black "Hossa"]
[Result "1-0"]
[WhiteElo "2691"]
[BlackElo "2597"]
[PlyCount "61"]
[EventDate "2000.??.??"]

1. e4 e5 2. Nf3 Nc6 3. Nc3 Nf6 4. d4 exd4 5. Nxd4 Bb4 6. Nxc6 bxc6 7. Bd3 d5 8.
exd5 cxd5 9. O-O O-O 10. Bg5 c6 11. Qf3 Bd6 12. Na4 Be6 13. h3 Be5 14. Qe3 Qb8
15. f4 Bc7 16. Bxf6 gxf6 17. Qg3+ Kh8 18. Qh4 f5 19. Bxf5 Bxf5 20. Qf6+ Kg8 21.
Qxf5 Bb6+ 22. Kh2 Bd4 23. Rf3 Qb5 24. Nc3 Qxb2 25. Rb1 Qa3 26. Ne2 Qxa2 27.
Nxd4 Rfc8 28. Rb7 Rc7 29. Rxc7 Kh8 30. Qxf7 Qxc2 31. Qg7# {Hossa checkmated}
1-0

[Event "ICS rated blitz match"]
[Site "204.178.125.65"]
[Date "2000.09.25"]
[Round "?"]
[White "Hossa"]
[Black "harimau"]
[Result "0-1"]
[WhiteElo "2585"]
[BlackElo "2703"]
[PlyCount "80"]
[EventDate "2000.??.??"]

1. e4 c5 2. Nf3 d6 3. d4 cxd4 4. Nxd4 Nf6 5. Nc3 a6 6. Bg5 e6 7. f4 Nbd7 8. Qf3
Qc7 9. O-O-O b5 10. Bxb5 axb5 11. Ndxb5 Qb8 12. e5 Ra5 13. exf6 gxf6 14. Bh6
Bxh6 15. Nxd6+ Ke7 16. Kb1 Rd8 17. Qe4 f5 18. Qd4 Rg8 19. Nxc8+ Qxc8 20. Qb4+
Qc5 21. Rxd7+ Kxd7 22. Qb7+ Qc7 23. Rd1+ Rd5 24. Rxd5+ exd5 25. Qxd5+ Ke7 26.
Qxf5 Qc4 27. Nd5+ Kd6 28. Qe5+ Kc6 29. Qf6+ Kxd5 30. Qxf7+ Kd4 31. c3+ Kd3 32.
Qxh7+ Ke3 33. Qe7+ Kf2 34. Qh4+ Kf1 35. g3 Qd3+ 36. Kc1 Re8 37. Qh3+ Kg1 38.
Qe6 Rxe6 39. b4 Qxc3+ 40. Kb1 Re1# {Hossa checkmated} 0-1

[Event "ICS rated bullet match"]
[Site "204.178.125.65"]
[Date "2000.09.25"]
[Round "?"]
[White "Valg"]
[Black "Hossa"]
[Result "0-1"]
[WhiteElo "2443"]
[BlackElo "2359"]
[PlyCount "132"]
[EventDate "2000.??.??"]

1. d4 d5 2. c4 e6 3. Nc3 Nf6 4. Bg5 Be7 5. e3 O-O 6. Nf3 Nbd7 7. Rc1 c6 8. Bd3
dxc4 9. Bxc4 Nd5 10. Bxe7 Qxe7 11. O-O Nxc3 12. Rxc3 e5 13. Qc2 exd4 14. exd4
Nb6 15. Re3 Qd8 16. Bb3 Nd5 17. Re5 f6 18. Bxd5+ cxd5 19. Re3 Bg4 20. Nd2 Re8
21. Rxe8+ Qxe8 22. h3 Be6 23. Qc7 Qb5 24. Re1 Re8 25. Qd6 Qd7 26. Qxd7 Bxd7 27.
Rxe8+ Bxe8 28. f4 Kf7 29. Kf2 Ke6 30. Ke3 Bg6 31. g4 Bc2 32. Nf3 Kd6 33. Ne1
Bb1 34. a3 Be4 35. Nd3 b6 36. Nf2 f5 37. Nxe4+ fxe4 38. b3 Ke6 39. b4 Kf6 40.
a4 a6 41. Ke2 b5 42. axb5 axb5 43. Kf2 g6 44. Ke2 Ke7 45. Ke3 Ke6 46. Kf2 h5
47. f5+ gxf5 48. gxh5 f4 49. Kg1 Kf6 50. Kg2 Kg5 51. h6 Kxh6 52. Kf2 Kh5 53.
Ke1 Kh4 54. Kf2 Kxh3 55. Kg1 e3 56. Kf1 f3 57. Kg1 Kg3 58. Kf1 e2+ 59. Ke1 Kg2
60. Kd2 Kf2 61. Kc2 Ke3 62. Kb3 f2 63. Ka3 e1=Q 64. Kb3 Qc1 65. Ka2 f1=Q 66.
Kb3 Qfc4# {Valg checkmated} 0-1

[Event "ICS rated blitz match"]
[Site "204.178.125.65"]
[Date "2000.09.25"]
[Round "?"]
[White "Hossa"]
[Black "Valg"]
[Result "1-0"]
[WhiteElo "2596"]
[BlackElo "2441"]
[PlyCount "109"]
[EventDate "2000.??.??"]

1. e4 e5 2. Nf3 Nc6 3. d4 exd4 4. Nxd4 Nf6 5. Nxc6 bxc6 6. e5 Qe7 7. Qe2 Nd5 8.
c4 Ba6 9. g3 g6 10. b3 Bg7 11. Bb2 O-O 12. Bg2 Rae8 13. f4 f6 14. Qd2 fxe5 15.
f5 Nb6 16. fxg6 hxg6 17. Ba3 c5 18. Be4 Qd6 19. Nc3 Qxd2+ 20. Kxd2 Re6 21. Bxc5
Rc8 22. Kc2 Bf8 23. Bxf8 Kxf8 24. c5 Na8 25. Rad1 Ke8 26. Bd5 Rf6 27. Rhe1 Rf5
28. Rd2 Ke7 29. g4 Rf4 30. Rxe5+ Kf6 31. Re4 Rxe4 32. Bxe4 Kg5 33. Rxd7 Kxg4
34. Bxg6 Bb7 35. Rg7 Kf3 36. h4 Ke3 37. Nb5 a5 38. h5 Bd5 39. h6 c6 40. Re7+
Kf4 41. h7 cxb5 42. Be8 Be4+ 43. Rxe4+ Kxe4 44. h8=Q Rxc5+ 45. Kd2 Rd5+ 46. Ke1
Re5 47. Bc6+ Kf5+ 48. Kf2 Nb6 49. Qd8 Nc4 50. bxc4 bxc4 51. Qd6 c3 52. Kf3 Re1
53. Bd7+ Kg5 54. Qg3+ Kf6 55. Qxe1 {Valg resigns} 1-0

[Event "ICS rated blitz match"]
[Site "204.178.125.65"]
[Date "2000.09.25"]
[Round "?"]
[White "counterplay"]
[Black "Hossa"]
[Result "1-0"]
[WhiteElo "2787"]
[BlackElo "2598"]
[PlyCount "177"]
[EventDate "2000.??.??"]

1. d4 d5 2. c4 e6 3. Nf3 Nf6 4. g3 dxc4 5. Qa4+ Nc6 6. Bg2 Nd7 7. Qxc4 Nb6 8.
Qd3 Nb4 9. Qb3 c5 10. a3 c4 11. Qc3 N4d5 12. Qc2 Bd7 13. e4 Ba4 14. Qe2 Nf6 15.
O-O Be7 16. Nc3 Bb3 17. Be3 Ng4 18. Nd2 Nxe3 19. fxe3 Qd7 20. Nxb3 cxb3 21. Qb5
Qxb5 22. Nxb5 O-O 23. Rac1 a6 24. Nc3 Rac8 25. e5 Rc7 26. Ne2 Rfc8 27. Kf2 a5
28. Rxc7 Rxc7 29. Rc1 Rc2 30. Rxc2 bxc2 31. Be4 Nc4 32. Bxc2 Nxb2 33. a4 Bb4
34. e4 Nc4 35. Bd3 Nb6 36. Bb5 Bd2 37. Nf4 Kf8 38. Nd3 Bb4 39. Nxb4 axb4 40.
Ke3 f6 41. exf6 gxf6 42. a5 Nc8 43. Bd7 Na7 44. Bxe6 Nc6 45. d5 Nxa5 46. Bf5 h6
47. Kd2 Ke7 48. Kd3 Kd6 49. g4 Kc5 50. Kc2 Nc4 51. Kb3 Nd2+ 52. Kb2 Nf3 53. h3
Nd4 54. Bc8 b6 55. Bd7 Ne2 56. Bf5 Ng1 57. h4 Nf3 58. h5 Nd4 59. Kc1 Kd6 60.
Kb2 Ke5 61. Bh7 Kf4 62. d6 Kxg4 63. d7 Nc6 64. Bg8 Kxh5 65. Kb3 Kg5 66. Ka4 Nd8
67. Kb5 f5 68. e5 f4 69. Kxb6 f3 70. Kc7 f2 71. Kxd8 f1=Q 72. Kc7 Kf5 73. d8=Q
Qa6 74. e6 Qa5+ 75. Kd7 Qb5+ 76. Kd6 b3 77. e7 Qa6+ 78. Kc5 Qa7+ 79. Kb4 Qb7+
80. Kc3 Qc6+ 81. Bc4 b2 82. e8=Q b1=N+ 83. Kb2 Qg2+ 84. Kxb1 Qh1+ 85. Ka2 Qh2+
86. Be2 Qxe2+ 87. Qxe2 h5 88. Qde7 Kf4 89. Q7e5# {Hossa checkmated} 1-0

[Event "ICS rated blitz match"]
[Site "204.178.125.65"]
[Date "2000.09.25"]
[Round "?"]
[White "Hossa"]
[Black "LoadedGun"]
[Result "1-0"]
[WhiteElo "2590"]
[BlackElo "2378"]
[PlyCount "137"]
[EventDate "2000.??.??"]

1. e4 e6 2. d4 Be7 3. Nf3 d5 4. exd5 exd5 5. Bd3 Nf6 6. O-O O-O 7. Re1 Nc6 8.
c3 Bg4 9. h3 Bh5 10. Bf4 Bg6 11. Bxg6 fxg6 12. Ng5 Qd7 13. Ne6 Rfc8 14. Nd2 Kh8
15. Qe2 a5 16. Qb5 a4 17. Qe2 a3 18. Rab1 axb2 19. Rxb2 b6 20. Rc2 Ra4 21. Qb5
Ra5 22. Qd3 Ne4 23. Bxc7 Qxe6 24. Bxb6 Ra3 25. Rb2 Rca8 26. Nxe4 Rxa2 27. Rxa2
Rxa2 28. Qd1 dxe4 29. d5 Qe5 30. dxc6 Bd6 31. g3 Ra3 32. c7 Ra8 33. Qa4 Qe8 34.
Qxe8+ Rxe8 35. Rxe4 Rc8 36. Rd4 Bxc7 37. Bxc7 Kg8 38. Rd8+ Rxd8 39. Bxd8 Kf7
40. Kf1 Ke8 41. Bb6 g5 42. c4 Kd7 43. Bd4 g6 44. Bf6 h6 45. Ke2 Kd6 46. Kd3 Ke6
47. Bg7 h5 48. Kd4 Kf7 49. c5 g4 50. hxg4 Ke6 51. gxh5 gxh5 52. Bf6 Kxf6 53. c6
Ke7 54. c7 Kd7 55. c8=Q+ Kxc8 56. f4 Kd8 57. Ke5 Ke7 58. f5 Kf7 59. f6 Kg6 60.
Ke6 Kg5 61. f7 Kg4 62. Kd5 Kxg3 63. Ke4 h4 64. f8=Q Kg2 65. Qf6 h3 66. Qf3+ Kg1
67. Qg3+ Kf1 68. Kf3 h2 69. Qf2# {LoadedGun checkmated} 1-0

[Event "ICS rated blitz match"]
[Site "204.178.125.65"]
[Date "2000.09.25"]
[Round "?"]
[White "Valg"]
[Black "Hossa"]
[Result "0-1"]
[WhiteElo "2394"]
[BlackElo "2597"]
[PlyCount "127"]
[EventDate "2000.??.??"]

1. e4 c5 2. Nf3 e6 3. d4 cxd4 4. Nxd4 Nc6 5. Nc3 Qc7 6. Be2 a6 7. O-O Nf6 8.
Kh1 Bc5 9. Nb3 Ba7 10. Bg5 O-O 11. Qd2 Qd8 12. Rad1 b5 13. a3 Re8 14. Qf4 Bb8
15. Qf3 Be5 16. h3 d6 17. Kg1 Bb7 18. Rd3 Qe7 19. Rfd1 b4 20. axb4 Nxb4 21.
R3d2 d5 22. exd5 exd5 23. Na5 Rac8 24. Re1 Ba8 25. Qf5 d4 26. Bxa6 Nxa6 27.
Rde2 Rc5 28. Nb3 Bh2+ 29. Kxh2 Rxf5 30. Rxe7 Rxe7 31. Rxe7 Rxg5 32. Ra7 Bb7 33.
Rxb7 dxc3 34. Ra7 h6 35. bxc3 Nc5 36. f4 Rh5 37. c4 Ne6 38. Kg3 Rf5 39. c5 Rxf4
40. c6 Rc4 41. Na5 Rxc2 42. Rb7 Ne4+ 43. Kf3 f5 44. Rb8+ Kh7 45. g4 Rc3+ 46.
Ke2 Rxh3 47. gxf5 Nd4+ 48. Kf1 Rh2 49. Rb3 Nd2+ 50. Kg1 N4f3+ 51. Rxf3 Nxf3+
52. Kf1 Rc2 53. Nb3 Rxc6 54. Ke2 Rb6 55. Nc1 Nd4+ 56. Kf2 Nxf5 57. Nd3 g5 58.
Kf3 Re6 59. Kg2 Re2+ 60. Nf2 h5 61. Kf3 Nd4+ 62. Kg2 Kh6 63. Kf1 g4 64. Nd3 {
Valg resigns} 0-1

[Event "ICS rated blitz match"]
[Site "204.178.125.65"]
[Date "2000.09.25"]
[Round "?"]
[White "Hossa"]
[Black "Valg"]
[Result "1-0"]
[WhiteElo "2605"]
[BlackElo "2385"]
[PlyCount "155"]
[EventDate "2000.??.??"]

1. e4 e5 2. Nf3 Nc6 3. d4 exd4 4. Nxd4 Bc5 5. Be3 Qf6 6. c3 Nxd4 7. cxd4 Bb4+
8. Nc3 Ne7 9. a3 Bxc3+ 10. bxc3 O-O 11. Bd3 d6 12. O-O Re8 13. Qd2 h6 14. Rab1
b6 15. Bc4 c6 16. f3 b5 17. Be2 Qe6 18. Bd3 a5 19. Rfe1 Bd7 20. Qc2 Rab8 21. c4
bxc4 22. Bxc4 Qf6 23. Rxb8 Rxb8 24. Qa4 Ra8 25. Qb3 Be6 26. Qb7 Re8 27. Bxe6
Qxe6 28. Qa7 d5 29. Bf2 Qf6 30. Qxa5 Ng6 31. exd5 Rxe1+ 32. Qxe1 cxd5 33. Qe8+
Kh7 34. a4 Nf4 35. Qb5 Qe7 36. g3 Qg5 37. Kf1 Nh3 38. Qd3+ g6 39. Be3 Qd8 40.
f4 Qc8 41. a5 Kg7 42. a6 Qd7 43. Kg2 Kh7 44. Qa3 Qg4 45. Qa2 Ng5 46. fxg5 Qe4+
47. Kf2 Qh1 48. Qd2 Qxh2+ 49. Kf3 Qh1+ 50. Qg2 Qd1+ 51. Kf2 Qc2+ 52. Kg1 Qd3
53. Qf3 hxg5 54. Qxf7+ Kh8 55. Qf8+ Kh7 56. Qe7+ Kg8 57. Qxg5 Qxa6 58. Qxd5+
Kf8 59. Bh6+ Ke8 60. Qg8+ Kd7 61. Qf7+ Kc8 62. Qe8+ Kb7 63. Qd7+ Ka8 64. Bg7
Qd3 65. Qc8+ Ka7 66. Kf2 Qd2+ 67. Kf3 Qd3+ 68. Kg4 Qe4+ 69. Kg5 Qe3+ 70. Kxg6
Qxg3+ 71. Kf7 Qf4+ 72. Bf6 Qd6 73. Qc5+ Ka6 74. Qxd6+ Ka5 75. Qb4+ Ka6 76. Bd8
Ka7 77. Bc7 Ka6 78. Qb6# {Valg checkmated} 1-0

[Event "ICS rated blitz match"]
[Site "204.178.125.65"]
[Date "2000.09.25"]
[Round "?"]
[White "Hossa"]
[Black "HannibalLecter"]
[Result "1-0"]
[WhiteElo "2612"]
[BlackElo "2046"]
[PlyCount "227"]
[EventDate "2000.??.??"]

1. d4 Nf6 2. c4 g6 3. Nc3 Bg7 4. e4 d6 5. f3 O-O 6. Be3 c5 7. dxc5 dxc5 8. Qxd8
Rxd8 9. Bxc5 Nc6 10. Nd5 Nd7 11. Bxe7 Nxe7 12. Nxe7+ Kf8 13. Nxc8 Bxb2 14. Rb1
Bc3+ 15. Kf2 Bd4+ 16. Kg3 Raxc8 17. Ne2 Bb6 18. Nc3 Ne5 19. Nd5 Nxc4 20. Bxc4
Rxc4 21. Nxb6 axb6 22. Rxb6 Rd2 23. Rxb7 Rcc2 24. Rg1 Rxa2 25. Kh3 Re2 26. Rd7
Kg7 27. Kg3 Kf6 28. Rc7 h5 29. h4 Kg7 30. Rc6 Kg8 31. Rd6 Kg7 32. Rb6 Kg8 33.
Rbb1 Kg7 34. Rb7 Kg8 35. Rb4 Kg7 36. Kh3 Kg8 37. Rd4 Kg7 38. Rd3 Kg8 39. Rc3
Kg7 40. Kg3 Kf6 41. Rb3 Kg7 42. Rb5 Kf6 43. Rb6+ Kg7 44. Rb8 Kf6 45. Rb7 Rac2
46. Rb6+ Kg7 47. Ra6 Kg8 48. Ra8+ Kg7 49. Ra4 Kf6 50. Ra6+ Kg7 51. Ra7 Kf6 52.
Rd7 Kg7 53. Rd4 Kf6 54. Rd6+ Kg7 55. Rd3 Kf6 56. Rd5 Rb2 57. Rd6+ Kg7 58. Rc6
Ra2 59. Rc5 Kf6 60. Kh2 Kg7 61. Rc4 Kf6 62. Kg3 Rab2 63. Rc8 Ra2 64. Rd8 Rab2
65. Kh3 Ra2 66. Rd6+ Kg7 67. Rdd1 Rab2 68. Rd3 Ra2 69. Rb3 Rac2 70. Ra3 Rb2 71.
Ra4 Rbc2 72. f4 Kf6 73. Ra6+ Kg7 74. e5 Kg8 75. Ra7 Kg7 76. Rd7 Kg8 77. Rb7 Kg7
78. Rb3 Kg8 79. Rb8+ Kg7 80. Rb6 Kg8 81. Rf6 Kg7 82. Rd6 Kg8 83. Rd3 Kg7 84. g4
Rh2+ 85. Kg3 Rhe2 86. gxh5 gxh5 87. Kf3+ Kf8 88. Rd8+ Ke7 89. Rh8 Rf2+ 90. Kg3
Rfd2 91. Rxh5 Rc3+ 92. Kg4 Rc4 93. Rh6 Rdd4 94. Rf6 Rc8 95. Rh1 Rh8 96. Rc6 Rd2
97. Kf5 Rg2 98. Rc7+ Kf8 99. Rc8+ Kg7 100. Rxh8 Kxh8 101. Kf6 Kg8 102. f5 Rf2
103. Rc1 Rh2 104. Rc8+ Kh7 105. Kxf7 Rxh4 106. e6 Rf4 107. e7 Rxf5+ 108. Ke6
Rf1 109. Rc5 Kh6 110. Re5 Re1 111. Rxe1 Kg5 112. Re4 Kh5 113. Kf6 Kh6 114. Rh4#
{HannibalLecter checkmated} 1-0